| 000 | 00401nam a2200145Ia 4500 | ||
|---|---|---|---|
| 008 | 230917s9999||||xx |||||||||||||| ||und|| | ||
| 040 |
_e36933 _aMAIN |
||
| 041 | _aEnglish | ||
| 082 | _a954.03 A53P | ||
| 100 | _aAllen, Charles, ed. | ||
| 245 | 0 | _aPlain tales from the Raj: Images of British India in the twentieth century | |
| 260 |
_aLondon _bAndre Deutsch _c1978 |
||
| 300 | _a240 p. | ||
| 942 | _cBK | ||
| 999 |
_c44840 _d44840 |
||